Súčasťou otvorenia Bienále ilustrácií Bratislava býva ...

Bibliographic Details
Main Author: Sliacky, Ondrej, 1941- (Author)
Format: Article
Language:Slovak
ISSN:1335-7263
Subjects:

MARC

LEADER 00000nab a2200000 a 4500
001 vtls008414788
003 SK-MaSNL
005 20260303070236.0
008 140429c2005 xo mr|p|||||||000 b|slo
015 |a SNBRB2005/12  |2 snkbucl 
038 |a SNKBUCL 
040 |a SNKBUCL  |b slo  |c SNKBUCL  |e AACR2 
041 0 |a slo 
044 |a xo  |c SK 
080 |a 82:929:821.162.3  |2 1997 
080 |a 821.162.3:929  |2 1997 
080 |a 929 Sieglová, Naděžda  |2 1997 
080 |a 82:061.7  |2 1997 
100 1 |a Sliacky, Ondrej,  |d 1941-  |4 aut  |9 203389 
245 1 0 |a Súčasťou otvorenia Bienále ilustrácií Bratislava býva ...  |c Ondrej Sliacky 
600 1 7 |a Sieglová, Naděžda  |2 snkbucl  |9 290445 
648 7 |a 2005  |2 snkbucl  |9 305506 
650 0 7 |a Plaketa Ľudmily Podjavorinskej  |y 2005  |2 snkbucl  |9 1067403 
650 0 7 |a literárne ceny  |y 2005  |2 snkbucl  |9 1067404 
773 0 |t Bibiana  |g Roč. XII, č. 3 (2005), s. 36  |x 1335-7263 
852 |a SNK  |b KIS3GCP 
958 |a LX 
958 |a CZ 
958 |a BC 
999 |c 1754517  |d 1756447